اسهام غير العرب فى نشر اللغة و الفكر العربى
Saved in:
| Main Author: | |
|---|---|
| Other Authors: | |
| Format: | Thesis |
| Language: | Arabic |
| Published: |
خرطوم
: معهد خرطوم دولى غة عربية،
1985
|
| Subjects: | |
| Tags: |
Add Tag
No Tags, Be the first to tag this record!
|
| LEADER | 013970000a22003250004500 | ||
|---|---|---|---|
| 001 | 63312 | ||
| 005 | 20091201114200.0 | ||
| 008 | 930203s1985 ara | ||
| 035 | |a 233553 | ||
| 035 | |a (Sirsi) 63312 | ||
| 040 | |a UIAM |b eng | ||
| 049 | |b m | ||
| 050 | |a PJ6053 | ||
| 100 | 1 | |a مساوى، عبد رحيم ادريس | |
| 245 | 1 | 0 | |a اسهام غير العرب فى نشر اللغة و الفكر العربى |
| 246 | 0 | 0 | |a Is'ham ghayr al-'Arab fi nashr al-lughah wa-al-fikr al-'Arabi / |c i'dad 'Abd al-Rahim al-Idrisi Musawi; 'Awn al-Sharif Qasim |
| 260 | 1 | |a خرطوم |b : معهد خرطوم دولى غة عربية، |c 1985 | |
| 300 | |a 64 p. | ||
| 502 | |a (Dip.)--Ma'had al-Khartoum al-Dawli lil-Lughat al-'Arabiyah, 1985 | ||
| 533 | |a One copy | ||
| 596 | |a 1 | ||
| 650 | 0 | |a Arabic language |x History | |
| 651 | 0 | |a Islamic countries |x Civilization | |
| 700 | 1 | |a Musawi, 'Abd al-Rahim al-Idrisi | |
| 710 | 1 | |a Ma'had al-Khartum al-Dawli lil-Lughah al-'Arabiyah | |
| 710 | 2 | |a Munazzamah al-'Arabiyah lil-Tarbiyah wa-al-Thaqafah wa-al-'Ulum | |
| 900 | |a mnr-zmy-khs | ||
| 999 | |c 430106 |d 461597 | ||
| 952 | |0 0 |6 T PJ6053M985I |7 0 |8 THESES |9 749216 |a IIUM |b IIUM |c MULTIMEDIA |g 0.00 |o t PJ6053M985I |p 00000305212 |r 2017-10-19 |t 2 |v 0.00 |y THESIS | ||
| 952 | |0 0 |6 LU T PJ6053M985I |7 0 |8 THESES |9 749217 |a IIUM |b IIUM |c CLOSEACCES |g 0.00 |o lu t PJ6053M985I |p 00000061665 |r 2017-10-25 |t 1 |v 0.00 |y THESIS | ||
